Labyrinth in the mode of production controversy

Salvato in:
Dettagli Bibliografici
Autore principale: Ágh, Attila
Natura: Libro
Lingua:inglese
Pubblicazione: Budapest Institute for World Economy 1980
Tags: Aggiungi Tag
Nessun Tag, puoi essere il primo ad aggiungerne!!

MARC

LEADER 00000nam a2200000 4500
001 c142799
005 20221220102102.8
041 0 |a eng 
044 |a HU 
245 1 0 |a Labyrinth in the mode of production controversy  |c Attila Ágh 
264 1 |a Budapest  |b Institute for World Economy  |c 1980 
300 |a 78 s. 
100 1 |a Ágh, Attila